000
00172nam a22000857a 4500
100
_a
Pole, P.
245
_a
TReasure Trove of India Knowledge
260
_b
208
942
_2
ddc
_c
BK
999
_c
4369
_d
4369